000
00255nam a2200109Ia 4500
008
190216s9999||||xx |||||||||||||| ||und||
100
_a
Thoppil Bhasi
245
0
_a
Sharashayya
260
_b
Prabhath Book House
650
_a
Malayalam Nadakam
942
_c
BK
999
_c
26030
_d
26030